Enhancing public worship attendance in Gra District, Edo Conference of Seventh-day Adventist Church, Nigeria / (Record no. 25120)
[ view plain ]
| 000 -LEADER | |
|---|---|
| fixed length control field | 00632nam a22001697a 4500 |
| 003 - CONTROL NUMBER IDENTIFIER | |
| control field | AUA.1 |
| 005 - DATE AND TIME OF LATEST TRANSACTION | |
| control field | 20251028162831.0 |
| 008 - FIXED-LENGTH DATA ELEMENTS--GENERAL INFORMATION | |
| fixed length control field | 250701b |||||||| |||| 00| 0 eng d |
| 040 ## - CATALOGING SOURCE | |
| Transcribing agency | JTL |
| 100 ## - MAIN ENTRY--PERSONAL NAME | |
| Personal name | Salaudeen Omotayo Joseph |
| 245 ## - TITLE STATEMENT | |
| Title | Enhancing public worship attendance in Gra District, Edo Conference of Seventh-day Adventist Church, Nigeria / |
| Statement of responsibility, etc | Omotayo Joseph Salaudeen. |
| 260 ## - PUBLICATION, DISTRIBUTION, ETC. (IMPRINT) | |
| Date of publication, distribution, etc | c2020. |
| 300 ## - PHYSICAL DESCRIPTION | |
| Extent | x, 128 leaves : |
| Other physical details | Illustrations : |
| Dimensions | 30 cm. |
| 610 ## - SUBJECT ADDED ENTRY--CORPORATE NAME | |
| Corporate name or jurisdiction name as entry element | Seventh-day Adventist Church : |
| Subordinate unit | Edo Conference : |
| General subdivision | Gra Dictrict, Nigeria |
| 650 ## - SUBJECT ADDED ENTRY--TOPICAL TERM | |
| Topical term or geographic name as entry element | Worship programs |
| 942 ## - ADDED ENTRY ELEMENTS (KOHA) | |
| Source of classification or shelving scheme | AUA Inhouse Classification |
| Koha item type | Project |
| Classification part | MDiv |
| Item part | .S25 2020 |
| Withdrawn status | Lost status | Source of classification or shelving scheme | Damaged status | Not for loan | Collection code | Home library | Current library | Shelving location | Date acquired | Source of acquisition | Cost, normal purchase price | Serial Enumeration / chronology | Total Checkouts | Full call number | Barcode | Date last seen | Cost, replacement price | Price effective from | Koha item type |
|---|---|---|---|---|---|---|---|---|---|---|---|---|---|---|---|---|---|---|---|
| Library of Congress Classification | JTL Research Collection | Judith Thomas Library | Judith Thomas Library | Judith Thomas Library Research Section | 01/07/2025 | Theological Seminary | 25.00 | AUA27907 | MDiv .S25 2020 | AUA27907 | 01/07/2025 | 25.00 | 01/07/2025 | Project |